LEADER 02404oam 2200721I 450 001 9910451551503321 005 20200520144314.0 010 $a0-415-19694-9 010 $a1-280-32991-2 010 $a0-203-05062-2 010 $a1-134-64278-4 024 7 $a10.4324/9780203050620 035 $a(CKB)1000000000442844 035 $a(SSID)ssj0000283881 035 $a(PQKBManifestationID)11222560 035 $a(PQKBTitleCode)TC0000283881 035 $a(PQKBWorkID)10249327 035 $a(PQKB)11717109 035 $a(MiAaPQ)EBC169441 035 $a(Au-PeEL)EBL169441 035 $a(CaPaEBR)ebr10054827 035 $a(CaONFJC)MIL32991 035 $a(OCoLC)437078316 035 $a(OCoLC)50493565 035 $a(EXLCZ)991000000000442844 100 $a20180331d1999 uy 0 101 0 $aeng 135 $aurcn||||||||| 181 $ctxt 182 $cc 183 $acr 200 14$aThe sage in Jewish society of late antiquity /$fRichard Kalmin 210 1$aNew York :$cRoutledge,$d1999. 215 $ax, 180 p 300 $aBibliographic Level Mode of Issuance: Monograph 311 $a0-415-19695-7 311 $a0-203-25916-5 320 $aIncludes bibliography (p. 153-164) and indexes. 327 $achapter INTRODUCTION -- part Part I HISTORICAL STUDIES -- chapter 1 NON-RABBINIC JEWS -- chapter 2 GENEALOGY -- chapter 3 HASMONEAN ROYALTY -- chapter 4 BIBLE-READING NON-JEWS AND HERETICS -- chapter 5 RAINMAKING -- part Part II EXEGETICAL STUDIES -- chapter 6 KING DAVID -- chapter 7 MOSES -- chapter 8 AHITOFEL. 606 $aJudaism$xHistory$yTalmudic period, 10-425 606 $aTannaim 606 $aAmoraim 606 $aRabbis$xOffice$zPalestine 606 $aRabbis$xOffice$zIraq$zBabylonia 606 $aJews$zPalestine$xSocial conditions 606 $aJews$zIraq$zBabylonia$xSocial conditions 608 $aElectronic books. 615 0$aJudaism$xHistory 615 0$aTannaim. 615 0$aAmoraim. 615 0$aRabbis$xOffice 615 0$aRabbis$xOffice 615 0$aJews$xSocial conditions. 615 0$aJews$xSocial conditions. 676 $a296.6/1/09 700 $aKalmin$b Richard Lee.$0887412 801 0$bMiAaPQ 801 1$bMiAaPQ 801 2$bMiAaPQ 906 $aBOOK 912 $a9910451551503321 996 $aThe sage in Jewish society of late antiquity$91982484 997 $aUNINA LEADER 03728nam 2200541 450 001 9910811104103321 005 20230818043554.0 010 $a1-119-51386-3 010 $a1-5231-2801-1 010 $a1-119-51388-X 010 $a1-119-51384-7 035 $a(CKB)4100000007878258 035 $a(MiAaPQ)EBC5744592 035 $a(CaSebORM)9781119513858 035 $a(EXLCZ)994100000007878258 100 $a20190418d2019 uy 0 101 0 $aeng 135 $aurcnu|||||||| 181 $ctxt$2rdacontent 182 $cc$2rdamedia 183 $acr$2rdacarrier 200 10$aDesign and analysis of composite structures for automotive applications $echassis and drivetrain /$fVladimir Kobelev 205 $a1st edition 210 1$aHoboken, NJ :$cWiley,$d[2019] 210 4$dİ2019 215 $a1 online resource (384 pages) 225 1 $aAutomotive series 225 1 $aTHEi Wiley ebooks 311 $a1-119-51385-5 320 $aIncludes bibliographical references and index. 330 $aA design reference for engineers developing composite components for automotive chassis, suspension, and drivetrain applications This book provides a theoretical background for the development of elements of car suspensions. It begins with a description of the elastic-kinematics of the vehicle and closed form solutions for the vertical and lateral dynamics. It evaluates the vertical, lateral, and roll stiffness of the vehicle, and explains the necessity of the modelling of the vehicle stiffness. The composite materials for the suspension and powertrain design are discussed and their mechanical properties are provided. The book also looks at the basic principles for the design optimization using composite materials and mass reduction principles. Additionally, references and conclusions are presented in each chapter. Design and Analysis of Composite Structures for Automotive Applications: Chassis and Drivetrain offers complete coverage of chassis components made of composite materials and covers elastokinematics and component compliances of vehicles. It looks at parts made of composite materials such as stabilizer bars, wheels, half-axes, springs, and semi-trail axles. The book also provides information on leaf spring assembly for motor vehicles and motor vehicle springs comprising composite materials. Covers the basic principles for the design optimization using composite materials and mass reduction principles Evaluates the vertical, lateral, and roll stiffness of the vehicle, and explains the modelling of the vehicle stiffness Discusses the composite materials for the suspension and powertrain design Features closed form solutions of problems for car dynamics explained in details and illustrated pictorially Design and Analysis of Composite Structures for Automotive Applications: Chassis and Drivetrain is recommended primarily for engineers dealing with suspension design and development, and those who graduated from automotive or mechanical engineering courses in technical high school, or in other higher engineering schools. 410 0$aAutomotive series (Wiley). 410 0$aTHEi Wiley ebooks. 606 $aAutomobiles$xChassis 606 $aAutomobiles$xPower trains 606 $aAutomobiles$xDesign and construction 615 0$aAutomobiles$xChassis. 615 0$aAutomobiles$xPower trains. 615 0$aAutomobiles$xDesign and construction. 676 $a629.24 700 $aKobelev$b Vladimir$f1959-$01663464 801 0$bMiAaPQ 801 1$bMiAaPQ 801 2$bMiAaPQ 906 $aBOOK 912 $a9910811104103321 996 $aDesign and analysis of composite structures for automotive applications$94020802 997 $aUNINA